Schnelles Tippen # 2 Zahlen - Statistiken

Allgemein
  • Dieses Quiz wurde 100 mal gespielt
  • Das Durchschnittsergebnis liegt bei 24 aus 100
Antwortstatistiken
Hint Antwort % Korrekt
11 11
100%
44 44
100%
96 96
100%
74 74
97%
50 50
95%
63 63
95%
96 96
95%
82 82
92%
14 14
90%
59 59
90%
65 65
90%
97 97
90%
84 84
88%
42 42
85%
22 22
84%
71 71
78%
71 71
78%
39 39
73%
98 98
70%
57 57
63%
15 15
55%
76 76
55%
34 34
48%
30 30
38%
82 82
33%
21 21
30%
10 10
29%
62 62
27%
53 53
25%
14 14
23%
55 55
23%
27 27
21%
56 56
21%
88 88
21%
89 89
21%
60 60
19%
41 41
16%
72 72
16%
28 28
14%
17 17
12%
66 66
10%
34 34
8%
95 95
8%
11 11
7%
22 22
7%
56 56
7%
77 77
7%
39 39
5%
87 87
5%
16 16
4%
17 17
4%
32 32
4%
39 39
4%
71 71
4%
86 86
4%
13 13
3%
16 16
3%
24 24
3%
25 25
3%
55 55
3%
76 76
3%
63 63
1%
11 11
0%
12 12
0%
18 18
0%
21 21
0%
24 24
0%
25 25
0%
27 27
0%
33 33
0%
36 36
0%
38 38
0%
41 41
0%
42 42
0%
44 44
0%
45 45
0%
49 49
0%
56 56
0%
56 56
0%
58 58
0%
59 59
0%
64 64
0%
64 64
0%
67 67
0%
69 69
0%
72 72
0%
73 73
0%
76 76
0%
77 77
0%
81 81
0%
84 84
0%
84 84
0%
87 87
0%
87 87
0%
89 89
0%
94 94
0%
95 95
0%
98 98
0%
98 98
0%
99 99
0%
Keine übereinstimmenden Quizze gefunden
Verteilung der Resultate
Anzahl Personen mit jedem Resultat
Perzentil nach korrekt beantworteten Fragen
Ihre Resultats-Entwicklung
Sie haben dieses Quiz noch nicht gespielt